000 00722nam a22001817a 4500
005 2012020408108.0
020 _c125.00
_a
035 _aB-74124
037 _b
_adpl
082 _a080
100 _aश्रीकृष्ण
_940770
245 1 _aअजब तेरी दुनिया/
_cश्रीकृष्ण
260 _aनई दिल्ली
_bनवयुग साहित्य
_c2001
270 _a
_b
_e
_k
300 _a128पृ.
_c22सेमी (सजिल्द)
942 _adpl
_cHN
_k
_2ddc
_h080
_mश्रीकृष्ण
999 _c61946
_d61946